000 00641nam a2200181Ia 4500
008 090122s9999 xx 000 0 und d
082 _b11983
100 _aलिंबाळे
_bशरणकुमार
245 _aगावकुसा बाहेरील कथा
260 _bदीलीपराज
_c2007
300 _a207
501 _aदीलीपराज प्रकाशन - 18.8.07
600 _aलिंबाळे
630 _aगावकुसा बाहेरील कथा
700 _aलिंबाळे
730 _aगावकुसा बाहेरील कथा
942 _cBOOK
999 _c36060
_d36060